Government Finance Statistics Yearbook 1998

Gespeichert in:
Bibliographische Detailangaben
Format: Buch
Sprache:Englisch
Veröffentlicht: Washington, D.C. IMF 1998
Schlagworte:
Tags: Tag hinzufügen
Keine Tags, Fügen Sie das erste Tag hinzu!

MARC

LEADER 00000nam a2200000 4500
001 c108144
005 20251218125024.3
020 |a 1-55775-753-4 
022 |a 0250-7374 
041 0 |a eng 
044 |a US 
245 1 0 |a Government Finance Statistics Yearbook 1998 
264 1 |a Washington, D.C.  |b IMF  |c 1998 
300 |a 457 s. 
610 2 0 |a financie 
610 2 0 |a financie štátne 
610 2 0 |a štatistika finančná 
610 2 0 |a politika finančná